000 01580nam a22002897a 4500
999 _c22091
_d22091
003 AR-CdUCM
008 190425b ||||| |||| 00| 0 spa d
040 _aMUNICIPALIDAD PROVINCIAL DEL CUSCO
_cBIBLIOTECA MUNICIPAL DEL CUSCO
082 _aParlante/N°94/2007
110 _aCentro Guamán Poma de Ayala
_920511
245 _aParlante :
_bRevista del Cusco /
260 _aCusco :
_bCentro de Educación y Comunicación Guamán Poma de Ayala,
_c2007.
300 _a36 páginas. :
_bilustraciones ;
_c30 cm.
440 _aParlante revista del Cusco.
_nAño 22, N°94,diciembre 2007-enero 2008.
_947426
505 _aContenido: La labor parlamentaria de Oswaldo Luizar. Luis Nieto Degregori. -- Del ayllu al capital social entrevista a Felipe Portocarrero. Juan Galiano. -- Las mejores y peores instituciones del 2007. -- Arquitectura contemporánea del Cusco neoincanismo y huachafismos. Enrique Estrada. -- Mercados de abasto mejorar o morir. -- Temporada de vacas gordas aprovechando para exprimir al turista. Adriana Peralta. -- La geología en la conservación de Machupicchu una llamada para prevenir y no lamentar. Luis Nieto Degregori. ...
650 _aActualidad y política
_947410
650 _aGobiernos locales
_98462
650 _aCentro Histórico Cusco
_946767
650 _aEducación, cultura y deportes
_947422
650 _aMedio ambiente
_947423
700 _aNieto Degregori, Luis
_96534
700 _aPeralta, Adriana
_947414
700 _aGaliano, Juan
_947407
710 _aCentro Guamán Poma de Ayala
_920511
942 _2ddc
_cPP
945 _avhl